| 000 | 01234nam a2200265 a 4500 | ||
|---|---|---|---|
| 001 | 57154 | ||
| 003 | BD-RjUL | ||
| 005 | 20211209080456.0 | ||
| 008 | 161206s1967 ii ||||| b||| 00| f ben d | ||
| 020 | _c: Tk. 10.00 | ||
| 035 | _a(BD-RjUL)57278 | ||
| 040 |
_aBD-RjUL _bben _cBD-RjUL |
||
| 041 | _aben | ||
| 082 |
_223 _a891.44309 _bMUB 1967 |
||
| 100 |
_aমুখোপাধ্যায়, প্রশান্তবিহারী _9169770 |
||
| 245 | 1 | 0 |
_aবঙ্কিম-সাহিত্য সমাজ ও সাধনা / _cপ্রশান্তবিহারী মুখোপাধ্যায় |
| 250 | _a১ম সং. | ||
| 260 |
_aনয়াদিল্লী : _bওরিয়েণ্ট লংম্যানস, _c১৯৬৭ |
||
| 300 |
_a[৮], ২৩৮ পৃ. ; _c২৩ সেমি. |
||
| 500 | _a[ কলিকাতা বিশ্ববিদ্যাল্যের বিদ্যাসাগর-ভাষণ ] | ||
| 504 | _aগ্রন্থপঞ্জি সংযুক্ত | ||
| 650 |
_aবাংলা উপন্যাস _xইতিহাস ও সমালোচনা _9120092 |
||
| 650 |
_aBengali Fiction _xHistory and Criticism _9118845 |
||
| 942 |
_2ddc _cBK |
||
| 999 |
_c57154 _d57154 |
||